El molino de sal : /

Guardado en:
Autor Principal: Obón, Guadalupe.
Otros Autores: Joavé; il.
Formato: Libro
Idioma:Undetermined
Publicado: Buenos Aires : V&R, 2014.
Series:Centos clásicos del mundo. Noruega
Materias:
Etiquetas: Agregar Etiqueta
Sin Etiquetas, Sea el primero en etiquetar este registro!
LEADER 00684nam a22002175a 4500
001 CEM.cems019490
008 220905s2014####ag############000#0#und#d
005 20220905100431.0
245 1 0 |a El molino de sal :  |b  /  |c Versión libre de Guadalupe Obón ; ilustrado por Jotavé. 
260 |a Buenos Aires :  |b V&R,  |c 2014. 
300 |a 36 p. 
490 1 |a Centos clásicos del mundo. Noruega 
020 |a 9789876128018 
100 1 |a Obón, Guadalupe. 
700 1 |a Joavé; il. 
653 |a Literatura 
653 |a Literatura Noruega 
653 |a Narrativa Noruega 
653 |a Cuentos 
653 |a Literatura Infantil 
859 |a CEMS  |b BIB. CEMS - Inicial y Primaria  |h 839.8266  |i Ob5  |k IP  |p 5371  |t Ej.1